[Event "Vaujany Principal"]
[Site "?"]
[Date "2013.07.11"]
[Round "1.1"]
[White "Sonnet, Jean-Pierre"]
[Black "Vovk, Andrey"]
[Result "0-1"]
[WhiteElo "2113"]
[BlackElo "2567"]
[PlyCount "78"]
[SourceDate "2013.07.27"]

1. e4 c5 2. Nf3 d6 3. d3 g6 4. g3 Bg7 5. Bg2 Nc6 6. O-O Nf6 7. Nc3 O-O 8. h3
Rb8 9. Be3 b5 10. Qd2 b4 11. Nd1 a5 12. Nh2 Ba6 13. f4 Qc7 14. g4 c4 15. Rc1
Rfc8 16. g5 Nd7 17. Ng4 Nd8 18. dxc4 Qxc4 19. b3 Qe2 20. Rf2 Qxd2 21. Rxd2 Rc7
22. Rf2 Rbc8 23. f5 Bd3 24. f6 exf6 25. gxf6 Bf8 26. Nb2 Bb5 27. Nh6+ Kh8 28.
h4 Rc3 29. Bg5 Ne5 30. Nd1 R3c6 31. Nb2 Bd3 32. Rd2 Bxc2 33. Nc4 Bd3 34. Rxd3
Nxd3 35. Rd1 Rxc4 36. bxc4 Ne5 37. Rd5 Rc5 38. Be3 Rxd5 39. cxd5 a4 0-1

[Event "Vaujany Principal"]
[Site "?"]
[Date "2013.07.11"]
[Round "1.2"]
[White "Horvath, Jozsef"]
[Black "Gazik, Viktor"]
[Result "1-0"]
[WhiteElo "2516"]
[BlackElo "2112"]
[PlyCount "93"]
[SourceDate "2013.07.27"]

1. c4 e5 2. g3 Nc6 3. Bg2 d6 4. Nc3 g6 5. e4 Bg7 6. Nge2 f5 7. d3 Nf6 8. O-O h6
(8... O-O) 9. Nd5 O-O 10. Be3 Ng4 (10... f4 11. gxf4 Ng4) 11. Bd2 Be6 12. b4
Qd7 13. Rb1 Nd8 14. b5 c6 15. bxc6 bxc6 16. Ndc3 Bf7 17. Qa4 Rc8 18. Qa6 Nf6
19. Rb3 fxe4 20. Nxe4 Nxe4 21. dxe4 (21. Bxe4 d5 22. cxd5 cxd5 23. Bxg6 Rc2)
21... Ne6 22. Bh3 (22. Be3) 22... Qe7 23. Be3 Rc7 24. Rd1 Rd8 25. Rbd3 Kh7 26.
Kg2 Nd4 27. Nxd4 exd4 28. Bxd4 Qxe4+ 29. Kg1 Bxd4 30. Rxd4 Qe5 31. Qa3 c5 32.
Rf4 (32. Qa5) 32... Re7 33. Bg2 Kg8 34. h4 Qe2 (34... Kg7) 35. Bf3 Qe5 36. Kg2
Rdd7 37. Bc6 Rc7 38. Bd5 Rcd7 39. Qf3 Kg7 40. Kh2 Be6 41. Bc6 Rd8 (41... Rc7)
42. Re4 Qf6 43. Qe3 (43. Qxf6+ Kxf6 44. Rde1 Rc8 45. Bd7 (45. Bd5 Rce8) 45...
Rxd7 46. Rxe6+ Kf7 (46... Kg7 47. Re7+) 47. h5 Rg8 48. hxg6+ Rxg6 49. Re8)
43... g5 44. Re1 Kf7 45. Re2 $22 Qf5 46. g4 Qf6 47. f4 1-0

[Event "Vaujany Principal"]
[Site "?"]
[Date "2013.07.11"]
[Round "1.3"]
[White "Brzezinski, Adam"]
[Black "Ardelean, George Catalin"]
[Result "0-1"]
[WhiteElo "2112"]
[BlackElo "2505"]
[PlyCount "128"]
[SourceDate "2013.07.27"]

1. d4 Nf6 2. c4 c5 3. d5 e6 4. Nc3 exd5 5. cxd5 d6 6. Nf3 g6 7. Bf4 a6 8. a4
Bg7 9. h3 O-O 10. e3 Re8 11. Nd2 Nbd7 12. Be2 Ne5 13. O-O Nfd7 14. Qc2 b6 15.
Bh2 f5 16. Nc4 Nxc4 17. Bxc4 Ne5 18. Be2 Ra7 19. Qd2 Qf6 20. Rae1 Rae7 21. Kh1
Qh4 22. f4 Nd7 23. Bd3 Nf6 24. Re2 Bb7 25. Bc2 Nh5 26. Nd1 Ng3+ 27. Bxg3 Qxg3
28. Rf3 Qh4 29. b3 Qf6 30. Kh2 Qf7 31. Nc3 Bxc3 32. Qxc3 Bxd5 33. Rg3 Be4 34.
Bxe4 Rxe4 35. Qd3 d5 36. Qxa6 Qc7 37. Rf2 Kg7 38. Qd3 Qc6 39. Rd2 Rd8 40. Qc3+
Qf6 41. Qxf6+ Kxf6 42. Rf3 Rb4 43. Rd3 Ke7 44. Rf1 c4 45. bxc4 dxc4 46. Rxd8
Kxd8 47. Ra1 Kc7 48. Kg3 Kc6 49. Kf3 h5 50. g3 Rb2 51. Ra3 Kb7 52. Ra1 Ka6 53.
Rc1 Rb4 54. e4 Rxa4 55. e5 Kb5 56. Ke3 Kc5 57. Rd1 Ra3+ 58. Ke2 b5 59. Rd8 b4
60. Kd2 Ra2+ 61. Kd1 b3 62. Rb8 Kd4 63. e6 Kd3 64. Rd8+ Ke3 0-1

[Event "Vaujany Principal"]
[Site "?"]
[Date "2013.07.11"]
[Round "1.4"]
[White "Manolache, Marius"]
[Black "Gazik, Renata"]
[Result "1-0"]
[WhiteElo "2504"]
[BlackElo "2103"]
[PlyCount "55"]
[SourceDate "2013.07.27"]

1. d4 Nf6 2. Bg5 e6 3. e4 h6 4. Bxf6 Qxf6 5. Nc3 b6 6. Nf3 Bb7 7. a3 d5 8. Bb5+
c6 9. Bd3 Ba6 10. Bxa6 Nxa6 11. Ne5 Rc8 12. Qe2 Nb8 13. exd5 cxd5 14. Qb5+ Kd8
15. O-O Bd6 16. f4 Rf8 17. Rad1 Rc7 18. f5 Bxe5 19. dxe5 Qxe5 20. fxe6 Qxe6 21.
Rfe1 Qc6 22. Qe2 Qc5+ 23. Kh1 Rd7 24. Nxd5 f6 25. Nf4 Kc8 26. Ne6 Re8 27. Rxd7
Nxd7 28. Nxc5 1-0

[Event "Vaujany Principal"]
[Site "?"]
[Date "2013.07.11"]
[Round "1.5"]
[White "Houard, Sebastien"]
[Black "Ninov, N."]
[Result "0-1"]
[WhiteElo "2100"]
[BlackElo "2481"]
[PlyCount "68"]
[SourceDate "2013.07.27"]

1. e4 c5 2. Nf3 d6 3. d4 cxd4 4. Nxd4 Nf6 5. Nc3 a6 6. Be3 e6 7. f3 b5 8. Qd2
Nbd7 9. g4 h6 10. h4 b4 11. Na4 d5 12. Rg1 dxe4 13. g5 hxg5 14. hxg5 Nd5 {
Diagramme #} 15. g6 Qh4+ 16. Kd1 Nxe3+ 17. Qxe3 Ne5 18. Nb6 Bc5 19. Nxa8 O-O
20. c3 bxc3 21. bxc3 Bd7 22. gxf7+ Rxf7 23. Rb1 Nxf3 24. Rb8+ Kh7 25. Bg2 Nxg1
26. Bxe4+ g6 27. Bxg6+ Kxg6 28. Qxg1+ Kf6 29. Nb6 Bb5 30. Qe1 Qg4+ 31. Kc2 Bxd4
32. cxd4 Rc7+ 33. Kb3 Qxd4 34. Qb4 Qd3+ 0-1

[Event "Vaujany Principal"]
[Site "?"]
[Date "2013.07.11"]
[Round "1.6"]
[White "Solozhenkin, E."]
[Black "Deleva, M."]
[Result "0-1"]
[WhiteElo "2458"]
[BlackElo "2098"]
[PlyCount "58"]
[SourceDate "2013.07.27"]

1. e4 e6 2. d4 d5 3. Nd2 Be7 4. Ngf3 Nf6 5. e5 Nfd7 6. Bd3 c5 7. c3 Nc6 8. O-O
O-O 9. Re1 Qb6 10. Nf1 f6 11. exf6 Nxf6 12. h3 Bd7 13. a3 Rae8 14. b4 cxd4 15.
cxd4 Bd6 16. Bb2 Kh8 17. Rb1 a6 18. Bc2 Bb8 19. Qd3 e5 20. dxe5 Ne4 21. Ne3
Nxe5 22. Nxe5 Bxe5 23. Bxe5 Rxe5 24. Nxd5 Qxf2+ 25. Kh2 Bb5 26. Qd1 Qg3+ 27.
Kg1 Qf2+ 28. Kh1 Ng3+ 29. Kh2 {Diagramme #} Rxd5 0-1

[Event "Vaujany Principal"]
[Site "?"]
[Date "2013.07.11"]
[Round "1.7"]
[White "Micottis, D."]
[Black "Lobzhanidze, D."]
[Result "0-1"]
[WhiteElo "2086"]
[BlackElo "2453"]
[PlyCount "58"]
[SourceDate "2013.07.27"]

1. Nf3 Nf6 2. g3 d6 3. Bg2 e5 4. d4 e4 5. Nfd2 d5 6. c4 c6 7. Nc3 Be7 8. c5 b6
9. b4 a5 10. Na4 Nbd7 11. Ba3 axb4 12. Bxb4 bxc5 13. Nxc5 Nxc5 14. dxc5 e3 15.
fxe3 Ng4 16. Qb3 Bg5 17. Bf3 Nxe3 18. h4 Bh6 19. Nf1 Ng4 20. Nh2 Nxh2 21. Rxh2
O-O 22. Kf2 Re8 23. a3 Ba6 24. Qc2 {Diagramme #} Bxe2 25. Bxe2 Qf6+ 26. Kg2
Qxa1 27. Rh1 Qd4 28. Bd3 Re3 29. Rd1 Qg4 0-1

[Event "Vaujany Principal"]
[Site "?"]
[Date "2013.07.11"]
[Round "1.8"]
[White "Doncea, Vladimir"]
[Black "Van Foreest, Lucas"]
[Result "1/2-1/2"]
[WhiteElo "2423"]
[BlackElo "2082"]
[PlyCount "145"]
[SourceDate "2013.07.27"]

1. d4 Nf6 2. Nf3 g6 3. c4 Bg7 4. g3 O-O 5. Bg2 d6 6. O-O Nbd7 7. b3 c6 8. Nc3
Qc7 9. Ba3 a6 10. e4 Re8 11. Re1 b5 12. e5 dxe5 13. dxe5 Ng4 {Diagramme #} 14.
e6 Bxc3 15. exf7+ Kxf7 16. Ng5+ Kg8 17. Qf3 Bf6 18. Qxg4 Nf8 19. Qh4 Bxa1 20.
Rxa1 Bf5 21. Bb2 e5 22. g4 Bc8 23. Ne4 Re6 24. f4 Qa7+ 25. Kh1 Qe7 26. g5 Bb7
27. Nf6+ Kh8 28. Bxe5 Rxe5 29. fxe5 Rd8 30. Re1 Ne6 31. Be4 Rd4 32. Qf2 bxc4
33. bxc4 Rxc4 34. Qa7 Rd4 35. Rb1 Rb4 36. Rd1 Rxe4 37. Qb8+ Nf8 38. Nxe4 c5 39.
Re1 Qf7 40. Kg1 Bxe4 41. Rxe4 Qf5 42. Qd8 Kg8 43. Re2 Qg4+ 44. Rg2 Qe4 45. Rf2
Qe1+ 46. Kg2 Qe4+ 47. Kf1 Qc4+ 48. Re2 Qf4+ 49. Ke1 Qc1+ 50. Qd1 Qxg5 51. Qd5+
Kg7 52. Qxc5 Ne6 53. Qa7+ Kh6 54. Qe3 Nf4 55. Kf1 Nxe2 56. Kxe2 Qxe3+ 57. Kxe3
Kg7 58. Kd4 Kf7 59. Kd5 Ke7 60. e6 a5 61. Ke5 g5 62. Kf5 a4 63. Kxg5 Kxe6 64.
Kh6 a3 65. Kxh7 Kf5 66. Kg7 Kg4 67. Kf6 Kh3 68. Ke5 Kxh2 69. Kd4 Kg3 70. Kc4
Kf4 71. Kb3 Ke5 72. Kxa3 Kd6 73. Kb4 1/2-1/2

[Event "Vaujany Principal"]
[Site "?"]
[Date "2013.07.11"]
[Round "1.9"]
[White "Soyer, Jean-Yves"]
[Black "Carmaciu, Catalin"]
[Result "0-1"]
[WhiteElo "2076"]
[BlackElo "2416"]
[PlyCount "130"]
[SourceDate "2013.07.27"]

1. Nf3 d6 2. d4 Bg4 3. g3 Bxf3 4. exf3 e6 5. Bg2 Nf6 6. f4 d5 7. O-O Be7 8. b3
O-O 9. Bb2 a5 10. Qd3 Nc6 11. a3 a4 12. b4 Na7 13. f5 exf5 14. Qxf5 Nb5 15. Nd2
Nd6 16. Qd3 b5 17. Rae1 Nc4 18. Nxc4 bxc4 19. Qd1 c6 20. Bc1 Ne8 21. c3 Nc7 22.
Bh3 Nb5 23. Bb2 g6 24. f4 f5 25. Qe2 Bd6 26. Qd2 Kg7 27. Bg2 Qd7 28. Bf3 Bc7
29. Kg2 Nd6 30. Bc1 Bd8 31. h4 Bf6 32. Re2 h6 33. Ree1 Rf7 34. Qc2 Kg8 35. Be3
Rg7 36. Qc1 Qd8 37. Re2 Raa7 38. Rh1 g5 39. hxg5 hxg5 40. Kf1 g4 41. Bg2 Qe8
42. Ke1 Ne4 43. Bg1 Rae7 44. Bxe4 Rxe4 45. Rhh2 Rh7 46. Qc2 Rh3 47. Rhg2 Kf7
48. Rxe4 Qxe4+ 49. Qxe4 dxe4 50. Kf1 Ke6 51. Be3 Kd5 52. Kf2 Rh1 53. Rg1 Rh2+
54. Rg2 Rh8 55. Rg1 c5 56. dxc5 Rh2+ 57. Rg2 Rxg2+ 58. Kxg2 Bxc3 59. b5 Ba5 60.
Kf1 c3 61. c6 c2 62. Ke2 Kc4 63. c7 Bxc7 64. Kd2 Kxb5 65. Kxc2 Bb6 0-1

[Event "Vaujany Principal"]
[Site "?"]
[Date "2013.07.11"]
[Round "1.10"]
[White "Foisor, Ovidiu-Doru"]
[Black "Gazikova, Veronika"]
[Result "1-0"]
[WhiteElo "2400"]
[BlackElo "2066"]
[PlyCount "81"]
[SourceDate "2013.07.27"]

1. d4 Nf6 2. c4 c5 3. d5 b5 4. cxb5 a6 5. bxa6 d6 6. Nc3 Bxa6 7. Nf3 g6 8. e4
Bxf1 9. Kxf1 Nbd7 10. g3 Bg7 11. Kg2 O-O 12. Re1 Nb6 13. Re2 Nfd7 14. Bf4 Nc4
15. Rc1 Qa5 16. Qd3 Nde5 17. Nxe5 Nxe5 18. Bxe5 Bxe5 19. b3 Bxc3 20. Rxc3 Qb6
21. h4 Ra3 22. h5 Qa6 23. Qd2 Qa5 24. hxg6 fxg6 25. Rc2 Qxd2 26. Rcxd2 g5 27.
e5 Rfa8 28. exd6 exd6 29. g4 Kf7 30. Rc2 R8a6 31. f3 Ra7 32. Kg3 Kg7 33. Rh2
R7a6 34. Rce2 Ra7 35. Rh5 Rxa2 36. Rxg5+ Kf7 37. Re4 $1 R7a3 $2 (37... Re7) 38.
Rf4+ Ke7 39. Rg7+ Ke8 40. Rg8+ Ke7 41. Rgf8 1-0

[Event "Vaujany Principal"]
[Site "?"]
[Date "2013.07.11"]
[Round "1.11"]
[White "Adam, Gyorgy sr"]
[Black "Foisor, Cristina-Adela"]
[Result "0-1"]
[WhiteElo "2050"]
[BlackElo "2387"]
[PlyCount "84"]
[SourceDate "2013.07.27"]

1. e4 e5 2. Nf3 Nc6 3. Nc3 Nf6 4. Bb5 d6 5. d4 exd4 6. Nxd4 Bd7 7. Nxc6 bxc6 8.
Ba4 Be7 9. O-O O-O 10. Re1 c5 11. Bxd7 Nxd7 12. Nd5 Rb8 13. Rb1 Bf6 14. c3 Nb6
15. Bf4 Nxd5 16. Qxd5 Re8 17. f3 g6 18. Qd3 Re6 19. Re2 Qe8 20. Qc4 h5 21. Rbe1
Qb5 22. Qxb5 Rxb5 23. Rd1 c4 24. Kf2 a6 25. Rd5 Kf8 26. Red2 Ke7 27. a4 Rb6 28.
Be3 Rb8 29. Bg5 Bxg5 30. Rxg5 Re5 31. Rxe5+ dxe5 32. Ke3 Ke6 33. g3 Rb6 34. f4
f6 35. h4 Rd6 36. Ke2 f5 37. fxe5 Rxd2+ 38. Kxd2 fxe4 39. Ke3 Kxe5 40. a5 c6
41. Ke2 Kf5 42. Ke3 c5 0-1

[Event "Vaujany Principal"]
[Site "?"]
[Date "2013.07.11"]
[Round "1.12"]
[White "Joie, Sebastien"]
[Black "Boucquet, Emile"]
[Result "1-0"]
[WhiteElo "2387"]
[BlackElo "2045"]
[PlyCount "39"]
[EventDate "2013.07.27"]
[SourceDate "2013.07.27"]

1. Nf3 d5 2. g3 Nf6 3. Bg2 e6 4. O-O Be7 5. b3 O-O 6. c4 c5 7. Bb2 Nc6 8. e3 b6
9. Nc3 Bb7 10. cxd5 Nxd5 11. Nxd5 Qxd5 12. d4 Rfd8 13. Ne5 Qd6 14. dxc5 Qxc5
15. Qh5 g6 16. Qf3 Nxe5 17. Qxb7 Ng4 18. Rac1 Qd6 19. Rc6 Qb4 20. Rc4 1-0

[Event "Vaujany Principal"]
[Site "?"]
[Date "2013.07.11"]
[Round "1.13"]
[White "Antoine, Jean-Luc"]
[Black "Olivier, Jean-Christophe"]
[Result "0-1"]
[WhiteElo "2028"]
[BlackElo "2350"]
[PlyCount "54"]
[SourceDate "2013.07.27"]

1. c4 e5 2. Nc3 Nf6 3. Nf3 Nc6 4. e3 Be7 5. d4 exd4 6. Nxd4 Nxd4 7. Qxd4 O-O 8.
Be2 d6 9. O-O Be6 10. Bf3 c6 11. b3 Qa5 12. Bb2 Rad8 13. Rfd1 Rfe8 14. a3 Bf8
15. b4 Qc7 16. Rac1 Nd7 17. Qh4 Ne5 18. Be2 f5 19. Nd5 Qc8 20. Qd4 Bf7 21. Nf4
a6 22. Qb6 Be7 23. Nh5 Bxh5 24. Bxh5 g6 25. f4 Nd7 26. Qd4 Bf6 27. Qd2 gxh5 0-1

[Event "Vaujany Principal"]
[Site "?"]
[Date "2013.07.11"]
[Round "1.15"]
[White "Grimm, Gyorgy"]
[Black "Gazik, Igor"]
[Result "0-1"]
[WhiteElo "2009"]
[BlackElo "2319"]
[PlyCount "76"]
[EventDate "2013.07.27"]
[SourceDate "2013.07.27"]

1. e4 Nf6 2. e5 Nd5 3. c4 Nb6 4. d4 d6 5. exd6 exd6 6. Nc3 Nc6 7. Be3 Be7 8.
Rc1 O-O 9. b3 Bg5 10. Bxg5 Qxg5 11. Nge2 Re8 12. Qd2 Qf6 13. Nb5 Re7 14. d5 Ne5
15. Nbd4 Bf5 16. Rc3 Rae8 17. f3 Nbd7 18. Nxf5 Qxf5 19. Kd1 Nc5 20. Nd4 Qb1+
21. Rc1 Qg6 22. Rc3 Ng4 23. Kc1 Nh6 24. Nc2 Nf5 25. g4 Nh4 26. b4 Na4 27. Ra3
Qf6 28. Nd4 Nb6 29. Rc3 a5 30. bxa5 Na4 31. Ra3 Nc5 32. Bd3 g6 33. Bc2 Ng2 34.
Rg1 Nf4 35. g5 Qxd4 36. Qxd4 Ne2+ 37. Kd2 Nxd4 38. Bd1 Nf5 0-1

[Event "Vaujany Principal"]
[Site "?"]
[Date "2013.07.11"]
[Round "1.16"]
[White "Di Nicolantino, Lucas"]
[Black "Bandet, Raphael"]
[Result "1-0"]
[WhiteElo "2300"]
[BlackElo "2000"]
[PlyCount "89"]
[EventDate "2013.07.27"]
[SourceDate "2013.07.27"]

1. d4 d5 2. Nf3 Nc6 3. g3 Bg4 4. Bg2 Nf6 5. Ne5 Bf5 6. c4 Be4 7. f3 Bf5 8. cxd5
Qxd5 9. e4 Bxe4 10. fxe4 Qxd4 11. Nxc6 Qxd1+ 12. Kxd1 bxc6 13. Nc3 e5 14. Be3
h5 15. h3 Nd7 16. Rc1 h4 17. g4 Rb8 18. Na4 c5 19. b3 Rb5 20. Bf1 Rb4 21. Bd3
Nf6 22. Nxc5 Bd6 23. Na6 Rb7 24. Ke2 Nd7 25. Rc6 Nf8 26. Bc4 Ne6 27. Bd5 Nd8
28. Rhc1 O-O 29. Rxd6 cxd6 30. Bxb7 Nxb7 31. Rc7 Nd8 32. Rc8 Ne6 33. Rxf8+ Kxf8
34. b4 g5 35. b5 Ke7 36. Nb8 Kd8 37. Nc6+ Kc7 38. Nxa7 f6 39. a4 Nf4+ 40. Bxf4
exf4 41. a5 Kb7 42. Nc6 d5 43. exd5 f5 44. Kf3 fxg4+ 45. Kxg4 1-0

[Event "Vaujany Principal"]
[Site "?"]
[Date "2013.07.11"]
[Round "1.17"]
[White "Petrone, Gianmario"]
[Black "Juhasz, Kristof"]
[Result "1/2-1/2"]
[WhiteElo "1993"]
[BlackElo "2293"]
[PlyCount "70"]
[SourceDate "2013.07.27"]

1. e4 d6 2. Nf3 Nf6 3. Nc3 c6 4. d4 Bg4 5. h3 Bh5 6. Be2 e6 7. O-O d5 8. exd5
cxd5 9. Ne5 Bxe2 10. Nxe2 Nc6 11. Bf4 Be7 12. c3 O-O 13. Ng3 Rc8 14. Nh5 Ne4
15. Qg4 g6 16. Ng3 f5 17. Qe2 Nxg3 18. fxg3 Nxe5 19. Bxe5 Bf6 20. g4 Bxe5 21.
Qxe5 Qf6 22. Rae1 Rce8 23. Qxf6 Rxf6 24. gxf5 Rxf5 25. Kh2 Rxf1 26. Rxf1 Rf8
27. Rxf8+ Kxf8 28. Kg3 Kf7 29. Kf4 Kf6 30. h4 h6 31. g4 g5+ 32. hxg5+ hxg5+ 33.
Kf3 Ke7 34. Ke2 Kd6 35. Kd3 Kc6 1/2-1/2

[Event "Vaujany Principal"]
[Site "?"]
[Date "2013.07.11"]
[Round "1.18"]
[White "Ravot, Sylvain"]
[Black "Heymann-Lobzhanidze, Anna-Luise"]
[Result "1-0"]
[WhiteElo "2288"]
[BlackElo "1990"]
[PlyCount "75"]
[SourceDate "2013.07.27"]

1. d4 Nf6 2. c4 g6 3. Nc3 Bg7 4. Nf3 d6 5. g3 O-O 6. Bg2 Nc6 7. O-O a6 8. Qd3
Nb4 9. Qd2 Nc6 10. b3 Rb8 11. Ne1 Bd7 12. Bb2 Qc8 13. Nd5 Bh3 14. Rc1 Bxg2 15.
Kxg2 Ne4 16. Qe3 f5 17. f3 Nf6 18. Qd2 e6 19. Nxf6+ Bxf6 20. d5 Bxb2 21. Qxb2
Ne7 22. Qd2 e5 23. f4 e4 24. Nc2 b5 25. Nd4 Qb7 26. Ne6 Rf7 27. Rfd1 b4 28. c5
Re8 29. Ng5 Rg7 30. Rc4 a5 31. Qd4 Nc8 32. Rdc1 Na7 33. cxd6 Nb5 34. Qxg7+ Kxg7
35. Rxc7+ Nxc7 36. Rxc7+ Qxc7 37. dxc7 h6 38. d6 1-0

[Event "Vaujany Principal"]
[Site "?"]
[Date "2013.07.11"]
[Round "1.19"]
[White "Borderie, David"]
[Black "Foisor, Sabina"]
[Result "1/2-1/2"]
[WhiteElo "1966"]
[BlackElo "2281"]
[PlyCount "80"]
[SourceDate "2013.07.27"]

1. Nf3 d5 2. c4 c6 3. e3 Nf6 4. Nc3 e6 5. b3 Be7 6. Bb2 O-O 7. Qc2 Nbd7 8. Be2
a6 9. Rg1 b5 10. g4 bxc4 11. g5 Ne8 12. bxc4 Bb7 13. h4 e5 14. Na4 Bd6 15. Rb1
Qe7 16. c5 Bb8 17. h5 Ra7 18. Nh4 g6 19. e4 Ng7 20. exd5 cxd5 21. Bc3 Bc6 22.
Bb4 a5 23. Ba3 e4 24. Nb6 Ne5 25. Qb3 Ne6 26. Nxd5 Bxd5 27. Qxd5 Nf4 28. Qb3 a4
{Diagramme #} 29. Qxb8 Nf3+ 30. Bxf3 exf3+ 31. Kd1 Qe2+ 32. Kc1 Qc4+ 33. Kd1
Qe2+ 34. Kc1 Qc4+ 35. Kd1 Ra8 36. Qb5 Qxa2 37. Qb2 Qc4 38. Qb5 Qa2 39. Qb2 Qc4
40. Qb5 Qa2 1/2-1/2

[Event "Vaujany Principal"]
[Site "?"]
[Date "2013.07.11"]
[Round "1.21"]
[White "Teychene, Jean-Louis"]
[Black "Grimm, Daniel"]
[Result "0-1"]
[WhiteElo "1943"]
[BlackElo "2275"]
[PlyCount "98"]
[SourceDate "2013.07.27"]

1. d4 d5 2. c4 c6 3. Nf3 Nf6 4. Nc3 dxc4 5. a4 e6 6. e3 c5 7. Bxc4 Nc6 8. O-O
cxd4 9. exd4 Be7 10. Bg5 O-O 11. Qd2 Nb4 12. Rad1 Bd7 13. Ne5 Bc6 14. Nxc6 bxc6
15. Rfe1 Nfd5 16. Bxe7 Qxe7 17. Ne4 Rab8 18. Nc5 a5 19. f4 Qd6 20. Re5 Nb6 21.
Bf1 Rfd8 22. Rh5 f5 23. Qe3 g6 24. Rg5 N4d5 25. Qxe6+ Qxe6 26. Nxe6 Re8 27. Nc5
Nxf4 28. Rg3 Kg7 29. Rf3 Nfd5 30. b3 Re7 31. Rc1 Rd8 32. Nd3 Rd6 33. Rc5 Ra7
34. Kf2 Nd7 35. Rc2 N5f6 36. Ne5 Nxe5 37. dxe5 Ng4+ 38. Kg1 Nxe5 39. Re3 Kf6
40. h3 Rb7 41. Rce2 Rd5 42. g3 Rb4 43. Kh2 Rbd4 44. Bg2 Rc5 45. Bh1 h5 46. Bg2
h4 47. Rf2 hxg3+ 48. Kxg3 g5 49. Ree2 Rd3+ 0-1

[Event "Vaujany Principal"]
[Site "?"]
[Date "2013.07.11"]
[Round "1.22"]
[White "Deleva, Michael"]
[Black "Roche, Yves"]
[Result "1-0"]
[WhiteElo "2225"]
[BlackElo "1921"]
[PlyCount "53"]
[EventDate "2013.07.27"]
[SourceDate "2013.07.27"]

1. e4 c5 2. b3 Nc6 3. Bb2 e6 4. Nf3 a6 5. g3 Nge7 6. Bg2 Ng6 7. O-O f6 8. h4
Bd6 9. h5 Nge5 10. Nxe5 Bxe5 11. c3 O-O 12. d4 Bd6 13. Nd2 cxd4 14. cxd4 Bb8
15. Nc4 b5 16. Ne3 Bb7 17. d5 Ne5 18. Ba3 Re8 19. h6 g6 20. dxe6 dxe6 21. Qxd8
Rxd8 22. Be7 Re8 23. Bxf6 Nf7 24. Ng4 Rc8 25. Bg7 Ng5 26. f4 Ba7+ 27. Kh2 1-0

[Event "Vaujany Principal"]
[Site "?"]
[Date "2013.07.11"]
[Round "1.23"]
[White "Hodot, Yves"]
[Black "Juhasz, Armin"]
[Result "0-1"]
[WhiteElo "1918"]
[BlackElo "2223"]
[PlyCount "91"]
[SourceDate "2013.07.27"]

1. e4 c5 2. b4 cxb4 3. c4 e5 4. Nf3 Nc6 5. Bb2 d6 6. d4 Bg4 7. d5 Bxf3 8. gxf3
Nb8 9. a3 bxa3 10. Rxa3 Nd7 11. Qa4 b6 12. f4 Ngf6 13. Nd2 exf4 14. Rg1 g6 15.
c5 Bg7 16. cxb6 (16. c6 Nc5 17. c7+ Qd7) 16... O-O 17. bxa7 Nc5 18. Qc4 Qe7 19.
f3 Rxa7 20. Rxa7 Qxa7 21. Rg5 Rb8 22. Bc3 Nfd7 (22... h6) 23. Bxg7 Kxg7 24.
Qc3+ f6 25. Rg4 Na4 26. Qa3 Qe3+ 27. Qxe3 fxe3 28. Nc4 Rb1+ 29. Ke2 Nc3+ 30.
Kxe3 Rxf1 $19 31. Nxd6 Ne5 32. Rg3 h5 33. f4 Ng4+ 34. Kd3 Na4 35. h3 Rb1 36.
Kc2 (36. Kd4 Rb4+) 36... Rb2+ 37. Kc1 Nf2 38. e5 fxe5 39. fxe5 Re2 40. e6 Ne4
41. Nxe4 Rxe4 42. Rf3 g5 43. Rf7+ Kg6 44. Ra7 Nb6 45. Rd7 (45. d6 Rxe6 46. d7
Rc6+ 47. Kb1 Nxd7 (47... Rd6 48. Ra6) 48. Rxd7 Rc3 (48... g4)) 45... Re5 46. e7
0-1

[Event "Vaujany Principal"]
[Site "?"]
[Date "2013.07.11"]
[Round "1.24"]
[White "Kormos, Adam"]
[Black "De Lagontrie, Jean"]
[Result "1-0"]
[WhiteElo "2211"]
[BlackElo "1911"]
[PlyCount "87"]
[EventDate "2013.07.27"]
[SourceDate "2013.07.27"]

1. e4 e6 2. d4 d5 3. Nc3 Bb4 4. e5 c5 5. a3 Bxc3+ 6. bxc3 Ne7 7. Qg4 Qc7 8.
Qxg7 Rg8 9. Qxh7 cxd4 10. Ne2 Nbc6 11. f4 Bd7 12. Qd3 dxc3 13. g3 O-O-O 14. Rb1
d4 15. Bg2 Nf5 16. a4 Na5 17. Rb4 Bc6 18. Be4 Bxe4 19. Qxe4 Nc6 20. Rb3 Na5 21.
Rb4 Nc6 22. Rb1 Na5 23. Kf2 Rd5 24. h3 Qd8 25. Rd1 Nc6 26. Rb5 Rd7 27. Ba3 Ne3
28. Rdb1 Nd5 29. Bd6 b6 30. Nxd4 Nxd4 31. Qxd4 Rxd6 32. exd6 Qxd6 33. a5 Kb7
34. Rxb6+ axb6 35. Rxb6+ Qxb6 36. axb6 Ra8 37. Qg7 Ra2 38. Qxf7+ Kxb6 39. Qxe6+
Kc5 40. Qf5 Ra4 41. h4 Rd4 42. h5 Rd2+ 43. Kf3 Kb4 44. h6 1-0

[Event "Vaujany Principal"]
[Site "?"]
[Date "2013.07.11"]
[Round "1.26"]
[White "Adda, Olivier"]
[Black "Dubois, Herve"]
[Result "1-0"]
[WhiteElo "2132"]
[BlackElo "1883"]
[PlyCount "74"]
[EventDate "2013.07.27"]
[SourceDate "2013.07.27"]

1. Nf3 c5 2. e3 Nf6 3. d4 cxd4 4. exd4 g6 5. c4 Bg7 6. Nc3 d6 7. Bd3 O-O 8. O-O
Nbd7 9. Re1 Re8 10. Bg5 h6 11. Bh4 Qa5 12. Rb1 a6 13. b4 Qh5 14. Ne2 Nf8 15. h3
Bxh3 16. Nf4 Qg4 17. Nxh3 g5 18. Bg3 Nh5 19. Bh2 Qd7 20. Nfxg5 Nf6 21. Nf3 Kh8
22. Nh4 e6 23. Nf4 e5 24. Nh5 e4 25. Nxg7 Kxg7 26. Bc2 b5 27. c5 d5 28. Be5
N8h7 29. f3 Rg8 30. fxe4 Kf8 31. Bd6+ Kg7 32. e5 Ne4 33. Rxe4 dxe4 34. Bxe4 Ng5
35. Nf5+ Kh8 36. Qh5 f6 37. Be7 Nh3+ 1-0

[Event "Vaujany Principal"]
[Site "?"]
[Date "2013.07.12"]
[Round "2.1"]
[White "Vovk, Andrey"]
[Black "Di Nicolantonio, Lucas"]
[Result "1-0"]
[WhiteElo "2567"]
[BlackElo "2300"]
[PlyCount "59"]
[SourceDate "2013.07.27"]

1. e4 c5 2. Nf3 Nc6 3. d4 cxd4 4. Nxd4 e5 5. Nb5 d6 6. a4 Be7 7. N1c3 a6 8. Na3
Be6 9. Bc4 Nf6 10. Bg5 O-O 11. Bxf6 Bxf6 12. Nd5 Bg5 13. O-O Kh8 14. c3 Rc8 15.
Qe2 f5 {Diagramme #} 16. Nb6 Qxb6 17. Bxe6 Rcd8 18. Bxf5 Ne7 19. Bg4 Rf6 20.
Nc4 Qc5 21. a5 Rdf8 22. g3 g6 23. h4 Bh6 24. Rad1 Bg7 25. Nb6 h5 26. Nd7 Qxa5
27. Bh3 Kh7 28. Rd3 R8f7 29. Nxf6+ Rxf6 30. Rf3 1-0

[Event "Vaujany Principal"]
[Site "?"]
[Date "2013.07.12"]
[Round "2.4"]
[White "Grimm, Daniel"]
[Black "Manolache, Marius"]
[Result "1-0"]
[WhiteElo "2275"]
[BlackElo "2504"]
[PlyCount "127"]
[SourceDate "2013.07.27"]

1. d4 d6 2. e4 Nf6 3. f3 g6 4. c4 c5 5. Ne2 Bg7 6. Be3 O-O 7. d5 Qb6 8. Bc1 e6
9. Nec3 a6 10. Be2 Nbd7 11. a4 Re8 12. a5 Qd8 13. Be3 Rb8 14. O-O e5 15. Qd2
Nh5 16. Na3 Nf4 17. Rfb1 f5 18. Nc2 Qg5 19. Bf1 Nh3+ 20. Kh1 f4 21. Bxc5 Nxc5
22. b4 Nd7 23. gxh3 Qh5 24. Qg2 Bf8 25. Na4 b6 26. axb6 Nxb6 27. Nxb6 Rxb6 28.
Ne1 Bd7 29. Nd3 Reb8 30. Rc1 Bc8 31. c5 Rb5 32. c6 Kf7 33. Qf2 Be7 34. c7 R8b6
35. Rc6 Bh4 36. Qe2 Rxc6 37. dxc6 Kg7 38. Qd1 Rb6 39. b5 Rxb5 40. Rc1 Rb6 {
Diagramme #} 41. Nxf4 Qg5 42. Nd5 Bf2 43. Bg2 Rb2 44. Rc2 Rxc2 45. Qxc2 Bd4 46.
Qd1 Qh4 47. Qd2 a5 48. Nc3 $11 Bc5 49. Na4 Bd4 50. Nc3 Bc5 51. Na4 Qh6 52.
Qxh6+ Kxh6 53. Bf1 Bd4 54. Kg2 Kg5 55. Kg3 Kf6 56. h4 Ke7 57. Bh3 Ba6 58. c8=Q
Bxc8 59. Bxc8 Kd8 60. Be6 Kc7 61. Bd5 h5 62. Kg2 Ba1 63. Kf1 Bd4 64. Ke2 1-0

[Event "Vaujany Principal"]
[Site "?"]
[Date "2013.07.12"]
[Round "2.6"]
[White "Lobzhanidze, Davit"]
[Black "Deleva, Michael"]
[Result "1-0"]
[WhiteElo "2453"]
[BlackElo "2225"]
[PlyCount "127"]
[SourceDate "2013.07.27"]

1. e4 c6 2. d4 g6 3. h3 Bg7 4. Nf3 d6 5. Nc3 Nf6 6. Bd3 O-O 7. O-O Nbd7 8. Be3
e5 9. Qd2 Re8 10. Rfd1 exd4 11. Bxd4 Ne5 12. Be2 Be6 13. Be3 Nc4 14. Bxc4 Bxc4
15. Qxd6 Qxd6 16. Rxd6 Nxe4 17. Nxe4 Rxe4 18. Nd2 Rxe3 19. fxe3 Be6 20. c3 Kf8
21. Rd3 Ke7 22. e4 a5 23. a3 Ra6 24. Rd1 a4 25. Nf1 Rb6 26. R3d2 Bh6 27. Re2
Bc4 28. Rf2 Rb5 29. Re1 Re5 30. g4 Bd3 31. h4 Ke6 32. g5 Bf8 33. Rf6+ Ke7 34.
Rf3 Bc4 35. Nh2 h5 36. Rf2 Ke8 37. Nf3 Re7 38. Rd2 Bb3 39. Kg2 Bg7 40. Kf2 Bf8
41. Kg3 Rd7 42. Rxd7 Kxd7 43. Nd2 Be6 44. e5 Kc7 45. Ne4 Be7 46. Rd1 b5 47. Nd6
Bb3 48. Rd2 Bf8 49. Kf4 Ba2 50. Rd4 Be6 51. Ke4 Bb3 52. Rd2 Be6 53. Rd4 Bb3 54.
Kd3 c5 {Diagramme #} 55. Nxb5+ Kb6 56. Rf4 c4+ 57. Kd4 Kxb5 58. Rxf7 Bc5+ 59.
Kd5 Bd1 60. e6 Bg4 61. Rb7+ Bb6 62. e7 Bf3+ 63. Kd6 Bc6 64. Rb8 1-0